Wybierz poprawnie napisanych bohaterów z książek - Statystyki

Ogólne statystyki
  • Ten quiz został rozwiązany 21 razy
  • Średni wynik to 10 z 15
Statystyki odpowiedzi
Zagadnienie Odpowiedź % Poprawnych
Illiada Achilles
85%
Tytuł to imię postaci poniżej Balladyna
85%
Tytuł to imię postaci poniżej Harry Potter
85%
Zemsta Papkin
80%
Opowieść wigilijna Ebenezer Scrooge
75%
Wiedźmin Geralt z Rivii
75%
Lew czarownica i stara szafa Aslan
70%
Władca pierścieni Frodo Baggins
70%
Potop Andrzej Kmicic
65%
Lalka Izabela Łęcka
65%
Hobbit Thorin dębowa tarcza
65%
Ogniem i mieczem Longinus Podbipięta
60%
Quo Vadis Marek Winicjusz
60%
Morderstwo w Orient Express Hercules Poirot
55%
Igrzyska śmierci Katniss Everdeen
40%
Nie znaleziono quizów pasujących do podanych kryteriów
Rozkład punktacji
Procent ludzi z każdym wynikiem
Percentyl według liczby udzielonych odpowiedzi
Twoja historia wyników
Nie rozwiązałeś tego quizu